| 000 | 00792nam a2200229 a 4500 | ||
|---|---|---|---|
| 999 |
_c3361 _d3361 |
||
| 001 | 3361 | ||
| 003 | BD-JhCC | ||
| 005 | 20171113104359.0 | ||
| 008 | 171113s1995 bg |||| |||| 001 0 ben d | ||
| 020 | _a9840732234 | ||
| 035 | _a(BD-JhCC) 3361 | ||
| 040 |
_aBD-JhCC _dBD-JhCC |
||
| 041 | _aben | ||
| 082 |
_a891.4409 _bABU 1995 |
||
| 245 |
_aআবুল কালাম শামসুদ্দীন রচনাবলী ৩ / _cমোহাম্মদ মাহফুজউল্লাহ |
||
| 260 |
_aঢাকা : _bবাংলা একাডেমী, _c১৯৯৫. |
||
| 300 |
_a৬৫৯ পৃ. : _c২১ সেমি. |
||
| 650 | _aCollection of works | ||
| 700 | _aমাহফুজউল্লাহ, মোহাম্মদ | ||
| 942 |
_2ddc _cBK |
||